000 00429nam a2200181Ia 4500
001 2712
005 20260306144827.0
008 260306t1958||||xx |||||||||||||| ||spa||
041 _aESP
082 _a215
_bCH528
100 _aChauchard, Paúl
_eAUT
245 0 _aLa science détruit-elle la religión?
260 _c1958
300 _a136 páginas :
_c19 cm.
650 _aGEN
654 _aCHU
942 _cLIB
_dJUS
_fJUS
_2ddc
_n
999 _c2712
_d2712